Efficiency and Innovation: Family Businesses in a Dynamic Economic Environment

Rodinné podniky zohrávajú v podnikateľskom prostredí EÚ kľúčovú úlohu a výrazne prispievajú k hospodárskemu rastu. Ich výkon sa však často hodnotí výlučne prostredníctvom finančných ukazovateľov, pričom sa zanedbáva rozbor vplyvu odvetvovej špecializácie. Navrhnutie vhodných nástrojov na meranie tec...

Full description

Saved in:
Bibliographic Details
Main Author: Hajduová, Zuzana, 1974-
Format: Book Chapter
Language:English
Subjects:
Tags: Add Tag
No Tags, Be the first to tag this record!

MARC

LEADER 00000naa$a2200000$$$4500
001 0304945
005 20241105131809.9
041 0 |a eng 
044 |a CZ 
245 1 0 |a Efficiency and Innovation: Family Businesses in a Dynamic Economic Environment  |c Zuzana Hajduová 
520 |a Rodinné podniky zohrávajú v podnikateľskom prostredí EÚ kľúčovú úlohu a výrazne prispievajú k hospodárskemu rastu. Ich výkon sa však často hodnotí výlučne prostredníctvom finančných ukazovateľov, pričom sa zanedbáva rozbor vplyvu odvetvovej špecializácie. Navrhnutie vhodných nástrojov na meranie technickej efektívnosti, ktoré zohľadnia špecifiká rôznych odvetví a charakter obchodných operácií. 
610 2 0 |a manažment 
610 2 0 |a podnik rodinný 
610 2 0 |a prostredie podnikateľské 
610 2 0 |a zamestnanci 
610 2 0 |a rodina 
610 2 0 |a podnikanie 
100 1 |a Hajduová, Zuzana, 1974-